• 首页
  • 本馆介绍
  • 公告通知
  • 最新文献
  • 馆藏检索
  • 电子资源
  • 读者导购
  • 参考咨询
  • 我的图书馆
  • 登录
  • 详细信息显示
  • 放入我的书架
  • 预约/预借图书
  • 作者相关作品
  • 分类相关作品
  • 丛书相关作品
  • 出版社相关作品

书目信息

  • 表格格式
  • 工作单格式
  • 卡片格式
题名:
保险企业业务实训教程
    
 
作者: 沈庆劼 编
分册:  
出版信息: 北京   中国金融出版社  2013
页数: 309页
开本: 24cm
丛书名:
单 册:
中图分类: F840.4
科图分类:
主题词: 保险业务
电子资源:
ISBN: 978-7-5049-7088-6
000 00779nam0 2200229 450
001 523
005 20140909165604.39
010    @a978-7-5049-7088-6@dCNY35.00
100    @a20131023d2013 em y0chiy50 ea
101 0  @achi
102    @aCN@b110000
105    @ay z 000yy
106    @ar
200 1  @a保险企业业务实训教程@ABao Xian Qi Ye Ye Wu Shi Xun Jiao Cheng@f沈庆劼编@FShen Qing劼 Bian
210    @a北京@c中国金融出版社@d2013
215    @a309页@d24cm
330    @a本书分为理论篇、财产保险实务篇与人身保险实务篇。理论篇介绍了2大类11个险种的基本内容。财产保险实训篇包含15个案例,人生保险实训篇包含17个案例。
606 0  @a保险业务
690    @aF840.4@v5
701  0 @a沈庆劼@AShen Qing劼@f(1983~)@4编
801  0 @aCN@bTANGWEI@c20140603
905    @b0840560-62@dF840.4@e81@f3
    
    保险企业业务实训教程/沈庆劼编.-北京:中国金融出版社,2013
    309页;24cm
    
    
    ISBN 978-7-5049-7088-6:CNY35.00
    本书分为理论篇、财产保险实务篇与人身保险实务篇。理论篇介绍了2大类11个险种的基本内容。财产保险实训篇包含15个案例,人生保险实训篇包含17个案例。
●
相关链接 在E读中查询图书 在五车中查询图书 在当当中查询图书 在豆瓣中查询图书


正题名:保险企业业务实训教程     索取号:F840.4/81         预约/预借

序号 登录号 条形码 馆藏地/架位号 状态 备注
1 0840560   208405607   第一样本阅览室/ [索取号:F840.4/81] 在馆    
2 0840561   208405616   密集书库-海洋学院/ [索取号:F840.4/81] 在馆    
3 0840562   208405625   第一借阅区/ [索取号:F840.4/81] 在馆    
唐山师范学院图书馆 欢迎您!
大连网信软件有限公司© 版权所有